Monterrey - Choix multiples - Statistiques

Statistiques générales
  • Ce quiz a été pris 5 fois
  • Le résultat moyen est 7 sur 10
Statistiques - réponses
Question Réponse % Correct
Reconnaissez-vous Monterrey sur l'une des images suivantes ?
100%
Dans quel État mexicain se situe Monterrey ? Le Nuevo León
100%
Reconnaissez-vous sur les images suivantes la cascade "Cola de Caballo" (littéralement "Queue de cheval" en espagnol) du parc national Cumbres de Monterrey ?
75%
Quel fleuve arrose Monterrey ? Le Rio Santa Catarina
75%
Le bataillon Saint Patrick était un bataillon de déserteurs de l'armée américaine passés du côté mexicain. Ils ont combattu pour la première fois à la bataille de Monterrey en 1846. De quelle nation est originaire son commandant John Riley ? L'Irlande
75%
Quel ouragan a frappé Monterrey en 2010 faisant au moins un mort dans la ville sur les 51 victimes de son passage ? Alex
50%
Dans quel sport le club de Monterrey créa la sensation en remportant aux États-Unis, la ligue junior, en 1957, la première victoire pour une équipe étrangère dans cette compétititon ? Le base-ball
50%
Parmi les mammifères suivants, lequel ne peut-on pas croiser dans le parc national Cumbres de Monterrey, parc créé pour préserver la nature menacée par la croissance de la ville ? Le bison
50%
Quel mouvement insurrectionnel le général Enrique Gorostieta, natif de Monterrey, a-t-il organisé et dirigé ? Les Cristeros
50%
En 1582, Luis Carvajal y de la Cueva tenta de fonder une colonie dans ce qui allait devenir Monterrey. Quel roi de France donna alors son nom à la colonie de ce conquistador ? Saint Louis
50%
Aucun quiz correspondant
Distribution des résultats
% des personnes avec chaque résultat
Percentile par nombre de réponses
Votre historique - résultats
Vous n’avez pas pris ce quiz